| 000 | 00506nam a2200133Ia 4500 | ||
|---|---|---|---|
| 008 | 220615s9999||||xx |||||||||||||| ||und|| | ||
| 020 | _a9782890000000 | ||
| 245 | 0 | _aEnvironment and Health | |
| 546 | _aEnglish[eng] | ||
| 650 | _aenvironment human health||air quality||marine environment||circular bioeconomy||remediation and restoration | ||
| 700 | _aSprovieri, Mario||Eljarrat, Ethel||Bianchi, Fabrizio | ||
| 856 | _uhttps://www.frontiersin.org/research-topics/9274/environment-and-health | ||
| 942 | _cEB | ||
| 999 |
_c16175 _d16175 |
||